বাংলাদেশের রাজনীতিতে মহিলাদের অংশগ্রহন : (Record no. 77681)
[ view plain ]
| 000 -LEADER | |
|---|---|
| fixed length control field | 02461nam a2200325 a 4500 |
| 001 - CONTROL NUMBER | |
| control field | 77681 |
| 003 - CONTROL NUMBER IDENTIFIER | |
| rucl marc code | BD-RjUL |
| 005 - DATE AND TIME OF LATEST TRANSACTION | |
| control field | 20211209083018.0 |
| 008 - FIXED-LENGTH DATA ELEMENTS--GENERAL INFORMATION | |
| fixed length control field | 201224s2001 bena|||| m||| 00| 0 ben d |
| 035 ## - SYSTEM CONTROL NUMBER | |
| System control number | (BD-RjU )77907 |
| 040 ## - CATALOGING SOURCE | |
| Original cataloging agency | BD-RjUL |
| Language of cataloging | ben/eng |
| Transcribing agency | BD-RjUL |
| 041 ## - LANGUAGE CODE | |
| Language code of text/sound track or separate title | ben |
| 082 ## - DEWEY DECIMAL CLASSIFICATION NUMBER | |
| Classification number | 320.082095492 |
| Author mark and year | KHB 2001 |
| Edition number | 23 |
| 100 ## - MAIN ENTRY--PERSONAL NAME | |
| Personal name | খাতুন, মোসা. নাসিমা |
| 9 (RLIN) | 242924 |
| 245 10 - TITLE STATEMENT | |
| Title | বাংলাদেশের রাজনীতিতে মহিলাদের অংশগ্রহন : |
| Remainder of title | গুরুদাসপুর থানার একটি সমীক্ষা / |
| Statement of responsibility, etc. | মোসা. নাসিমা খাতুন : |
| Linkage | গবেষণা.তত্ত্বাবধায়ক: গোলাম মোর্শেদ ; সহ -গবেষণা তত্ত্বাবধায়ক: মো. মকসুদুর রহমান ; |
| 260 ## - PUBLICATION, DISTRIBUTION, ETC. (IMPRINT) | |
| Place of publication, distribution, etc. | রাজশাহী: |
| Name of publisher, distributor, etc. | রাষ্ট্রবিজ্ঞান বিভাগ, রাজশাহী বিশ্ববিদ্যালয় , |
| Date of publication, distribution, etc. | ২০০১ |
| 300 ## - PHYSICAL DESCRIPTION | |
| Pagination | [৭], ১৮৩ পাতা : |
| Illustrations | চিএ ; |
| Size | ২৯ সেমি. |
| 502 ## - DISSERTATION NOTE | |
| Dissertation note | থিসিস (এম. ফিল.) -- রাষ্ট্রবিজ্ঞান বিভাগ, রাজশাহী বিশ্ববিদ্যালয়, ২০০১ |
| 504 ## - BIBLIOGRAPHY, ETC. NOTE | |
| Bibliography, etc | গ্রন্থপঞ্জি : পাতা ১৭২ - ১৮৩ |
| 600 ## - SUBJECT ADDED ENTRY--PERSONAL NAME | |
| Fuller form of name | |
| Chronological subdivision | |
| 650 ## - SUBJECT ADDED ENTRY--TOPICAL TERM | |
| Topical term or geographic name as entry element | মহিলা |
| General subdivision | রাজনৈতিক কর্মকাণ্ড |
| Geographic subdivision | বাংলাদেশ |
| -- | গুরুদাসপুর থানা |
| 9 (RLIN) | 242988 |
| Topical term or geographic name as entry element | Women |
| General subdivision | Political activity |
| Geographic subdivision | Bangladesh. |
| -- | Gurudaspur Thana |
| 9 (RLIN) | 242989 |
| Topical term or geographic name as entry element | মহিলা |
| Geographic subdivision | বাংলাদেশ |
| -- | গুরুদাসপুর থানা |
| General subdivision | সামাজিক পরিস্থিতি |
| 9 (RLIN) | 243080 |
| Topical term or geographic name as entry element | Women |
| Geographic subdivision | Bangladesh |
| -- | Gurudaspur Thana |
| General subdivision | Social conditions |
| 9 (RLIN) | 243081 |
| Topical term or geographic name as entry element | মহিলাদের অধিকার |
| Geographic subdivision | বাংলাদেশ |
| -- | গুরুদাসপুর থানা |
| 9 (RLIN) | 243082 |
| Topical term or geographic name as entry element | Women's rights |
| Geographic subdivision | Bangladesh. |
| -- | Gurudaspur Thana |
| General subdivision | |
| 9 (RLIN) | 243083 |
| 700 ## - ADDED ENTRY--PERSONAL NAME | |
| Personal name | মোর্শেদ, গোলাম, গবেষণা তত্ত্বাবধায়ক |
| Personal name | রহমান, মো .মকসুদুর, সহ -গবেষণা তত্ত্বাবধায়ক |
| 942 ## - ADDED ENTRY ELEMENTS (KOHA) | |
| Source of classification or shelving scheme | Dewey Decimal Classification |
| Koha item type | Theses |
| Lost status | Source of classification or shelving scheme | Damaged status | Not for loan | Collection code | Permanent Location | Current Location | Shelving location | Date acquired | Source of acquisition | Total Checkouts | Full call number | Date last seen | Copy number | Koha item type |
|---|---|---|---|---|---|---|---|---|---|---|---|---|---|---|
| Dewey Decimal Classification | Not For Loan | Theses | Central Library, University of Rajshahi | Central Library, University of Rajshahi | Documentation Section | 10/01/2001 | Controller of Exam. , R. U. | BTHE 320.082095492 KHB 2001 | 24/12/2020 | C-1 | Theses |